| 000 | 00768nam a2200217Ia 4500 | ||
|---|---|---|---|
| 005 | 20240530110946.0 | ||
| 008 | 140319s2021 ua a g 000 0 ara d | ||
| 017 |
_bمصر. دار الكتب _a2020/9543 |
||
| 020 | _a9789776752504 | ||
| 040 |
_aGCL / _cGCL |
||
| 082 | 0 | 4 |
_221 _a249 _bم إ |
| 100 | 0 | _aمحمود كيشانه | |
| 245 | 1 | 2 |
_aالالحاد الالكترونى : _bدراسة نقدية / _cتاليف محمود كيشانه |
| 250 | _aط. 1 | ||
| 260 |
_aالقاهرة : _bروابط للنشر وتقنية المعلومات، _c2021. |
||
| 300 |
_a259 ص. : _bايض ؛ _c24 سم. |
||
| 650 | 0 | 7 | _aالالحاد |
| 650 | 0 | 7 | _aالالحاد الالكترونى |
| 942 |
_2ddc _cBK |
||
| 999 |
_c66901 _d66901 |
||